000 00751nam a22002537a 4500
001 BR0305726
003 BR-BrBNA
005 20230928101442.0
007 ta
008 230509b bl.||||| |||| 00| 0 por d
040 _aBR-BrBNA
_bpor
_cBiblioteca Nacional de Agricultura
041 _a(Por)
072 _aE14
_b5212
090 _ 5212 BR0305726
110 1 _aMinistério da Agricultura e do Abastecimento, Brasília, DF (Brasil)
_96726
245 1 _aPecuária: projeto piloto vitelo pantaneiro; VITPAN - vitelão pantaneiro
260 3 _aBrasília, DF (Brasil):
_c2001.
300 _avp.
650 _aBOVINO
650 _aPROJETO AGRÍCOLA
650 _aPROJETO DE DESENVOLVIMENTO
909 _a202309
_bLucia
_c55
_dLucia Elande
942 _cBK
999 _c65896
_d65896